Catálogo
 En Linea

Humor, amor y luz : (Registro nro. 33792)

Detalles MARC
000 -CABECERA
campo de control de longitud fija 00505nam a2200169 a 4500
001 - NÚMERO DE CONTROL
campo de control 000034301
005 - FECHA Y HORA DE LA ÚLTIMA TRANSACCIÓN
campo de control 20200930073628.0
008 - DATOS DE LONGITUD FIJA--INFORMACIÓN GENERAL
campo de control de longitud fija 111003s2009 es 000 0 spa d
040 ## - FUENTE DE LA CATALOGACIÓN
Centro catalogador/agencia de origen DO-SdBNP
Lengua de catalogación spa
Centro/agencia transcriptor BNPHU
049 ## - FONDOS LOCALES (OCLC)
Fondos de biblioteca BNPD
100 1# - ENTRADA PRINCIPAL--NOMBRE DE PERSONA
Nombre de persona Martínez Álvarez, Santiago
9 (RLIN) 59731
245 10 - MENCIÓN DE TÍTULO
Título Humor, amor y luz :
Resto del título hoy y aquí /
Mención de responsabilidad, etc. Santiago Martínez Álvarez.
260 ## - PUBLICACIÓN, DISTRIBUCIÓN, ETC.
Lugar de publicación, distribución, etc. León :
Nombre del editor, distribuidor, etc. Grupo Literario Guadiana.
300 ## - DESCRIPCIÓN FÍSICA
Extensión 45 p. ;
Dimensiones 25 cm.
490 1# - MENCIÓN DE SERIE
Mención de serie biográfica
Designación de volumen o secuencia 20
830 #0 - PUNTO DE ACCESO ADICIONAL DE SERIE-TÍTULO UNIFORME
Título uniforme bibliográfica
Designación de volumen o secuencia 20
9 (RLIN) 112
Existencias
Estado de retiro Estado de pérdida Restricciones de uso No para préstamo Código de colección Localización permanente Ubicación/localización actual Ubicación en estantería Fecha de adquisición Número de inventario Total de préstamos Signatura topográfica completa Código de barras Fecha visto por última vez Precio válido a partir de Tipo de ítem Koha
      Excluido de préstamo Monografías: Libros y Folletos General General En catalogación 03.10.2011 LF1   34301-10 25.06.2020 25.06.2020 No se presta

Con tecnología Koha